000 00691nam a22001937a 4500
008 131125t enk||||| |||| 00| 0 eng d
020 _a9780754655213
050 0 4 _aML3917.G47
_bM87 2006
245 0 0 _aMusic, theatre and politics in Germany
_b : 1848 to the third reich
_c / edited by Nikolaus Bacht
250 _a1a ed.
260 _aAldershot, England :
_bAshgate,
_c2006
300 _axi, 315 p. :
_bil. ;
_c24 cm.
504 _aBibliografía : p. 289-306 e índice
650 7 _2Lemb
_aMúsica
_xHistoria y crítica
_ySiglo XIX-XX
_zAlemania
650 7 _2Lemb
_aÓpera
_zAlemania
650 4 _aMúsica
_xAspectos políticos
_zAlemania
700 1 _aBacht, Nikolaus
_eed.
942 _2lcc
_cLIB
999 _c45770
_d45770